Colors of Jospeh's Technicolor Dreamcoat - Statistics

General Stats
  • This quiz has been taken 22 times
  • The average score is 24 of 29
Answer Stats
Answer % Correct
blue
100%
brown
100%
green
100%
orange
100%
purple
100%
red
100%
black
95%
grey
95%
violet
95%
white
95%
yellow
95%
peach
89%
silver
89%
crimson
84%
gold
84%
ochre
84%
scarlet
84%
pink
79%
ruby
79%
cream
74%
fawn
74%
azure
68%
mauve
68%
chocolate
63%
olive
63%
lilac
58%
rose
58%
russet
58%
lemon
53%
No matching quizzes found
Score Distribution
Percent of People with Each Score
Percentile by Number Answered
Your Score History
You have not taken this quiz